000 00530nam a2200205Ia 4500
005 20240606054332.0
008 240331s9999 xx 000 0 und d
020 _a0415918294
082 _bGLO
_a362
100 _aKempadoo, K. ed
245 0 _aGlobal sex workers :
_brights, resistance, and redefinition
260 _aNew York
_bRoutledge
_c1998
300 _a294 p.,
650 _aSex Exploitation
650 _aCivil Rights
650 _aProstitutions
700 _aKempadoo, K. ed
700 _aDoezema,J
942 _cL
999 _c2920
_d2920